000 00618nam a2200205Ia 4500
003 OSt
005 20220815141143.0
008 220815b |||||||| |||| 00| 0 eng d
020 _a9788131759318
040 _cIFM Library
082 _a658.049
100 _aDeresky, H
_92295
245 _aInternational Management: Managing Across Borders and Cultures Text and Cases
250 _a6th ed.
260 _aNew York:
_bPearson Education,
_c2008
300 _axv, 492 p.
_b: ill. ; 28 cm
500 _aIncludes Index, Glossary and Endnote
650 _aInternational business enterprise
_92298
942 _cBK
_2ddc
_n0
999 _c12025
_d12025